| 000 | 00744nam a2200217Ii 4500 | ||
|---|---|---|---|
| 003 | JO-AjNU | ||
| 008 | 230605s9999||||xx |||||||||||||| ||und|| | ||
| 017 | _a1988/5427 | ||
| 040 |
_aJO-AjNU _bara _erda _cJO-AjNU |
||
| 041 | _aara | ||
| 050 | 1 | 4 | _aBP173.25.Q54 1988 |
| 100 | 3 |
_aالقيعي، محمد عبد المنعم, _eauthor _910492 |
|
| 245 | 0 | 0 | _aنظرة القرآن الى الجريمة والعقاب |
| 250 | _aط1 | ||
| 264 | 3 | 1 | _aالقاهرة: دار المنار، 1988 |
| 300 | _a339ص | ||
| 336 |
_atext _btxt _2rdacontent |
||
| 337 |
_aunmediated _bn _2rdamedia |
||
| 338 |
_avolume _bnc _2rdacarrier |
||
| 650 | 4 |
_aالاسلام والمجتمع- الجريمة والمجرمون- مكافحة الجريمة _910493 |
|
| 999 |
_aA1833 _c5401 _d5401 |
||